[Event "GBR-ch 103rd"]
[Site "Bournemouth"]
[Date "2016.08.02"]
[Round "8"]
[White "Golding, James"]
[Black "Talbot, Nathan"]
[Result "1/2-1/2"]
[WhiteElo "1991"]
[BlackElo "2108"]
[PlyCount "36"]
[EventDate "2016.07.25"]
[EventType "swiss"]
[EventRounds "11"]
[EventCountry "ENG"]
[SourceTitle "CBM 173 Extra"]
[Source "ChessBase"]
[SourceDate "2016.08.29"]
[SourceVersion "1"]
[SourceVersionDate "2016.08.29"]
[SourceQuality "1"]

1. d4 e6 2. c4 Nf6 3. Nf3 d5 4. Bg5 Be7 5. Nc3 h6 6. Bh4 0-0 7. e3 b6 8. cxd5 Nxd5 9. Bxe7 Qxe7 10. Bd3 Bb7 11. 0-0 Nd7 12. Rc1 c5 13. Qe2 cxd4 14. Nxd4 Nc5 15. Nxd5 Bxd5 16. Bc4 Bb7 17. Rfd1 Rac8 18. Qg4 Kh8 1/2-1/2

[Event "BCF-ch rapidplay 29th"]
[Site "Leeds"]
[Date "2015.11.01"]
[Round "9"]
[White "Talbot, Nathan"]
[Black "Hebden, Mark"]
[Result "0-1"]
[WhiteElo "2108"]
[BlackElo "2490"]
[PlyCount "114"]
[EventDate "2015.10.31"]
[EventType "swiss (rapid)"]
[EventRounds "11"]
[EventCountry "ENG"]
[SourceTitle "CBM 169 Extra"]
[Source "ChessBase"]
[SourceDate "2015.12.18"]
[SourceVersion "1"]
[SourceVersionDate "2015.12.18"]
[SourceQuality "1"]

1. Nf3 Nf6 2. g3 g6 3. Bg2 Bg7 4. 0-0 0-0 5. d4 d6 6. c4 Nc6 7. Nc3 Rb8 8. e4 Bg4 9. h3 Bxf3 10. Bxf3 Nd7 11. Be3 e5 12. d5 Nd4 13. Bxd4 exd4 14. Nb5 a6 15. Nxd4 Qf6 16. Bg4 Nc5 17. Nb3 Nxe4 18. Qc2 Rfe8 19. Rae1 Qxb2 20. Qxb2 Bxb2 21. Re2 Bc3 22. Re3 Bb4 23. Bd7 Re7 24. a3 Bxa3 25. Nd2 Nxd2 26. Rxe7 Nxf1 27. Kxf1 Kf8 28. Re3 Bc5 29. Rb3 a5 30. Bc6 Bb4 31. Ba4 h5 32. f4 Bc5 33. Bc6 Bb6 34. Ba4 Ra8 35. Ke2 Ra7 36. Kf3 Bc5 37. f5 g5 38. Ke4 Kg7 39. g4 h4 40. Rf3 Kf6 41. Rb3 Bb4 42. Rb1 c6 43. dxc6 bxc6 44. Bxc6 Re7+ 45. Kd3 Bc5 46. Be4 a4 47. Ra1 a3 48. Ra2 Ke5 49. Bd5 Kf4 50. f6 Re3+ 51. Kc2 Rxh3 52. Bxf7 Rh2+ 53. Kb3 Rxa2 54. Kxa2 Ke5 55. Bd5 Kxf6 56. Kb3 Ke5 57. Kc3 Kf4 0-1

[Event "GBR-ch Major 102nd"]
[Site "Coventry"]
[Date "2015.08.06"]
[Round "10"]
[White "Talbot, Nathan"]
[Black "Pink, Joshua"]
[Result "1-0"]
[WhiteElo "2035"]
[BlackElo "1826"]
[PlyCount "35"]
[EventDate "2015.07.27"]
[EventType "swiss"]
[EventRounds "11"]
[EventCountry "ENG"]
[SourceTitle "CBM 167 Extra"]
[Source "ChessBase"]
[SourceDate "2015.09.14"]
[SourceVersion "1"]
[SourceVersionDate "2015.09.14"]
[SourceQuality "1"]

1. Nf3 c5 2. g3 d5 3. Bg2 Nc6 4. d4 e6 5. 0-0 Nf6 6. c4 dxc4 7. dxc5 Qxd1 8. Rxd1 Bxc5 9. Nbd2 c3 10. bxc3 0-0 11. Nb3 Be7 12. c4 Bd7 13. Bf4 Rac8 14. Bd6 b6 15. Ne5 Bxd6 16. Nxd7 Rfd8 17. Rxd6 Ne5 18. Nxf6+ 1-0

[Event "GBR-ch Major 102nd"]
[Site "Coventry"]
[Date "2015.08.03"]
[Round "7"]
[White "Gill, Oliver"]
[Black "Talbot, Nathan"]
[Result "1-0"]
[WhiteElo "2037"]
[BlackElo "2035"]
[PlyCount "49"]
[EventDate "2015.07.27"]
[EventType "swiss"]
[EventRounds "11"]
[EventCountry "ENG"]
[SourceTitle "CBM 167 Extra"]
[Source "ChessBase"]
[SourceDate "2015.09.14"]
[SourceVersion "1"]
[SourceVersionDate "2015.09.14"]
[SourceQuality "1"]

1. e4 e6 2. d4 d5 3. Bd3 dxe4 4. Bxe4 Nf6 5. Bf3 c5 6. Ne2 Nc6 7. Be3 cxd4 8. Nxd4 Ne5 9. 0-0 Be7 10. c4 0-0 11. Be2 Qc7 12. Nb5 Qb8 13. N1c3 Rd8 14. Qc1 a6 15. Na3 Neg4 16. Bf4 Bd6 17. Rd1 e5 18. Bg5 Qa7 19. Bxg4 Bxg4 20. Bxf6 gxf6 21. Qh6 Bxa3 22. bxa3 Bxd1 23. Ne4 Bc2 24. Nxf6+ Kh8 25. Nh5 1-0

[Event "Blackpool op 39th"]
[Site "Blackpool"]
[Date "2015.03.07"]
[Round "2"]
[White "Talbot, Nathan"]
[Black "Allen, Keith"]
[Result "0-1"]
[WhiteElo "2035"]
[BlackElo "2210"]
[PlyCount "90"]
[EventDate "2015.03.06"]
[EventType "swiss"]
[EventRounds "5"]
[EventCountry "ENG"]
[SourceTitle "CBM 165 Extra"]
[Source "ChessBase"]
[SourceDate "2015.04.21"]
[SourceVersion "1"]
[SourceVersionDate "2015.04.21"]
[SourceQuality "1"]

1. Nf3 f5 2. g3 Nf6 3. Bg2 g6 4. 0-0 Bg7 5. d4 0-0 6. c4 d6 7. Nc3 Qe8 8. b3 c6 9. Qc2 Na6 10. a3 e5 11. e3 e4 12. Nd2 Bd7 13. b4 Nc7 14. a4 g5 15. b5 Qh5 16. Qd1 Qg6 17. Ba3 Nfe8 18. Rb1 c5 19. Nb3 Be6 20. Nd5 Bxd5 21. cxd5 b6 22. dxc5 dxc5 23. f3 exf3 24. Qxf3 Nd6 25. Bb2 Rae8 26. Bxg7 Qxg7 27. Qh5 Rxe3 28. Rfe1 Rfe8 29. Rxe3 Rxe3 30. Nd2 g4 31. Qh4 Re8 32. Kh1 c4 33. Rc1 Re2 34. Qd8+ Nce8 35. Nxc4 Nxc4 36. Bf1 Qh6 37. Bxe2 Qxc1+ 38. Kg2 Ncd6 39. Qe7 Qd2 40. Qe6+ Kf8 41. h3 Qd4 42. Qh6+ Qg7 43. Qxg7+ Kxg7 44. hxg4 fxg4 45. Bxg4 Kf6 0-1

[Event "Scarborough op"]
[Site "Scarborough"]
[Date "2013.10.25"]
[Round "1"]
[White "Webb, Laurence"]
[Black "Talbot, Nathan"]
[Result "1-0"]
[WhiteElo "2278"]
[BlackElo "2026"]
[PlyCount "101"]
[EventDate "2013.10.25"]
[EventType "swiss"]
[EventRounds "5"]
[EventCountry "ENG"]
[SourceTitle "EXT 2014"]
[Source "ChessBase"]
[SourceDate "2013.11.20"]
[SourceVersion "1"]
[SourceVersionDate "2013.11.20"]
[SourceQuality "1"]

1. e4 e6 2. d4 d5 3. e5 c5 4. c3 Nc6 5. Nf3 Bd7 6. Be2 Be7 7. 0-0 cxd4 8. cxd4 g5 9. Nc3 h5 10. Be3 g4 11. Ne1 Nh6 12. Bd3 Nb4 13. Bb1 Bg5 14. a3 Bxe3 15. fxe3 Na6 16. Nd3 Nf5 17. Rxf5 exf5 18. Nxd5 Rh6 19. Nf6+ Rxf6 20. exf6 Qxf6 21. Ne5 Rd8 22. Bd3 Nc5 23. Nxd7 Nxd7 24. Qf1 f4 25. Qxf4 Qxf4 26. exf4 Nf6 27. Rd1 Kf8 28. Bc4 Nd5 29. Bxd5 Rxd5 30. Kf2 a5 31. Ke3 Rb5 32. Rd2 Rb3+ 33. Ke4 Ke7 34. Kf5 f6 35. g3 Kf7 36. d5 Rb5 37. a4 Rc5 38. Rd4 Ke7 39. Kg6 Rc2 40. d6+ Kd7 41. Kxh5 Rxh2+ 42. Kxg4 Rxb2 43. Kf5 Rb3 44. g4 Rb4 45. Rxb4 axb4 46. Ke4 b3 47. Kd3 Kxd6 48. Kc3 b2 49. Kxb2 Kd5 50. Kc3 Ke4 51. g5 1-0

[Event "BCF-ch Major op"]
[Site "Torquay"]
[Date "2013.07.31"]
[Round "3.60"]
[White "Talbot, Nathan"]
[Black "Ronce, Nathan"]
[Result "1-0"]
[WhiteElo "2074"]
[BlackElo "1935"]
[PlyCount "123"]
[EventDate "2013.07.29"]
[EventType "swiss"]
[EventRounds "11"]
[EventCountry "ENG"]
[SourceTitle "EXT 2023"]
[Source "ChessBase"]
[SourceDate "2022.10.05"]
[SourceVersion "1"]
[SourceVersionDate "2022.10.05"]
[SourceQuality "1"]

1. e4 c5 2. Nf3 d6 3. c3 Nf6 4. h3 g6 5. Bd3 Bg7 6. Bc2 0-0 7. 0-0 Qc7 8. d4 Rd8 9. Qe2 b6 10. Rd1 Bb7 11. Bf4 Nc6 12. d5 Ne5 13. Na3 a6 14. Nc4 Nfd7 15. a4 Nxf3+ 16. Qxf3 b5 17. Na3 Qb6 18. Qe2 c4 19. Be3 Qa5 20. axb5 axb5 21. Qf1 Ba6 22. Nxc4 Qc7 23. Nd2 Nc5 24. Qe1 b4 25. Nf3 b3 26. Bb1 Bc4 27. Rxa8 Rxa8 28. Nd4 Ra1 29. Nc6 Na4 30. Qd2 Bf6 31. Nb4 Qb7 32. Kh2 Qb5 33. g4 Be5+ 34. f4 Bg7 35. g5 h5 36. Nc6 Bf8 37. Bd4 Kh7 38. f5 Be2 39. Re1 Bc4 40. Qf2 Kg8 41. fxg6 fxg6 42. h4 Nc5 43. Bxc5 Qxc5 44. Qxc5 dxc5 45. Ne5 Bb5 46. Rg1 Be8 47. Nd3 c4 48. Ne5 Ra4 49. Kg3 Bg7 50. Nf3 Bf7 51. Kf4 Kf8 52. Rd1 Be8 53. e5 Ra1 54. e6 Ra6 55. Ne5 Bxe5+ 56. Kxe5 Kg7 57. Kd4 Ra4 58. Kc5 Kf8 59. Rf1+ Kg7 60. Kb6 Kg8 61. Kc7 Ra8 62. Be4 1-0